00469 a2200145 4500082001300000090001500013100001600028245003100044260002800075300001900103650002300122942002100145999001700166952014000183 a891.4393 c7173d7173 aAslam, Rahi aKarwan-e-QazacAslam, Rahi aLahorebMaqbool Academy a512 p.c22 cm. a1. Urdu Literature cBKk891.4393 ASL c10976d10976 001040708FICaCLbCLcGENd2012-07-12eSaeed Book Bankg480.00l6o891.4393 ASLpSEECS011373r2024-02-02s2024-01-17w2017-01-05yBK